Bogotá se transforma con Movilidad Verde Multimodal (Registro nro. 323864)

Detalles MARC
000 -ENCABEZADO
Número de control [NR] 00949nam a2200229Ia 4500
005 - FECHA Y HORA DE LA ÚLTIMA TRANSACCIÓN
control field 20240213091224.0
008 - DE LONGITUD FIJA DE DATOS DE ELEMENTOS - INFORMACIÓN GENERAL
Elementos de longitud fija [NR] 130821s2000 ck gr spa
020 ## - NUMERO INTERNACIONAL NORMALIZADO PARA LIBROS [R]
Número Internacional Normalizado del libro [NR] 9789587172805
040 ## - FUENTE DE CATALOGACION [NR]
Agencia de catalogación original [NR] Co-BoUCM
Idioma de catalogación [NR] spa
Quien Cataloga David Moreno
Quien Clasifica David Moreno
041 00 - CODIGO DE IDIOMA [R]
Código de idioma para texto/pista de sonido o título separado [R] Español
110 ## - ASIENTO PRINCIPAL--NOMBRE CORPORATIVO [NR]
Nombre corporativo o de jurisdicción como elemento de entrada [NR] Alcaldia Mayot de Bogotá
ID de autoridad 119127
245 10 - MENCION DE TITULO [NR]
Título [NR] Bogotá se transforma con Movilidad Verde Multimodal
Mención de responsabilidad, etc. [NR] La alcaldia
260 ## - PUBLICACION, DISTRIBUCION, ETC. (PIE DE IMPRENTA) [R]
Lugar de publicación, distribución, etc. [R] Bogotá (Colombia)
Nombre del editor, distribuidor, etc. [R] Comercializadora Comsila S.A.S
Fecha de publicación, distribución, etc. [R] 2023
300 ## - DESCRIPCION FISICA [R]
Extensión [R] 290 Paginas
500 ## - NOTA GENERAL [R]
Nota general [NR] Plan De Ordenamiento Terrotorial Bogota Reverdece 2022-2035
650 17 - ASIENTO SECUNDARIO DE MATERIA - TERMINO TEMATICO [R]
Término temático o nombre geográfico como elemento de entrada [NR] Arquitectura
9 (RLIN) 7290
Subdivisión general [R] Ingenieria
Subdivisión geográfica [R] Bogota, Colombia
650 17 - ASIENTO SECUNDARIO DE MATERIA - TERMINO TEMATICO [R]
Término temático o nombre geográfico como elemento de entrada [NR] Desarrollo urbano
Subdivisión general [R] Planificación
9 (RLIN) 12996
Subdivisión geográfica [R] Bogota, Colombia
650 17 - ASIENTO SECUNDARIO DE MATERIA - TERMINO TEMATICO [R]
Término temático o nombre geográfico como elemento de entrada [NR] Urbanismo
9 (RLIN) 25989
Subdivisión general [R] Uso de la tierra
Subdivisión geográfica [R] Bogota, Colombia
650 17 - ASIENTO SECUNDARIO DE MATERIA - TERMINO TEMATICO [R]
Término temático o nombre geográfico como elemento de entrada [NR] Transporte urbano
Subdivisión general [R] Planificación
9 (RLIN) 25707
Subdivisión geográfica [R] Bogota, Colombia
942 ## - ELEMENTOS DE ENTRADA AGREGADOS (KOHA)
Tipo de ítem principal el descrito en 300a Libro
Tema principal Arte
Edición 1
Parte restante de la signatura top. E742
Sistema de clasificación DEWEY
Clasificación 711.7
Título oculto en OPAC No
Existencias
Signatura topográfica Código de barras Última vez visto Ejemplar Costo de reposición Price effective from Tipo de ítem Perdido Sistema de clasificación Dañado No prestable Tipo de ítem específico Suprimido Ubicación habitual Ubicación actual Localización Fecha de creación Forma de adquisición
711.7 A346b 100172262 06/12/2025 Ej.1 26000.00 13/02/2024 Libro   DEWEY     Libro   Claustro Claustro 2do piso 13/02/2024 Donación